000
00316nam a22001457a 4500
008
210303b ||||| |||| 00| 0 eng d
020
_a
076714015005
041
_a
eng
080
_a
336.2
082
_a
336.2
100
_a
55
101
_a
TAKS
245
_a
2001 Income Tax Guide
_c
Anderson, N
942
_2
udc
_c
BK
999
_c
55567
_d
55567